000 00428nam a2200181Ia 4500
001 15361
003 IN-NITTTR
005 20251114233144.0
008 251113s9999||||xx |||||||||||||| ||eng||
040 _beng
040 _cIN-NITTTR
041 _aeng
082 _a532 D878M
100 _aDugdale, R. H.
245 0 _aMechanics of fluids /
_cDugdale, R. H., Morfett, J. C.
700 _a Morfett, J. C.
942 _2ddc
_cBK
999 _c17995
_d17995